000 00794nam a2200193 a 4500
008 120416s1973 ||||||||||||||||| || u
020 _a0521202442
050 _aJS 3711.K45 Dea
100 _aDearlove, John
245 1 4 _aThe politics of policy in local government
246 _athe making and maintenance of public policy in the Royal Borough of Kensington and Chelsea
260 _aLondon
_bCambridge University Press
_c1973
300 _a[iv], 287p. : ill.
350 _a0.00
500 _aBibliography: p. 237-265.
650 _aGOVERNMENT
650 _aKensington and Chelsea (London, England)--Politics and government
995 _D0.00
_FCBU-MAIN LIBRARY (Kitwe)
_H1
_I20.00
_M1
_UAVAILABLE
_ZAnnex Low-Usage Collection
999 _c53956
_d53956